Tratado de los privilegios: derecho civil y comercial argentino, legislación comparada
Kaydedildi:
| Yazar: | |
|---|---|
| Materyal Türü: | Kitap |
| Dil: | İspanyolca |
| Baskı/Yayın Bilgisi: |
Buenos Aires
Compañía Argentina de Editores
1941
|
| Konular: | |
| Etiketler: |
Etiketle
Etiket eklenmemiş, İlk siz ekleyin!
|
MARC
| LEADER | 00000nam a2200000 a 4500 | ||
|---|---|---|---|
| 001 | UCS1108 | ||
| 003 | CL-VaPUC | ||
| 008 | 970509e19410000AG |||||||||||||||||spa|d | ||
| 082 | 0 | 4 | |a 346.02 |b COR |2 21 |
| 100 | 0 | |a Cordeiro Alvarez, Ernesto |e author |9 385215 | |
| 245 | 1 | 0 | |a Tratado de los privilegios: derecho civil y comercial argentino, legislación comparada |
| 300 | |a 569 p | ||
| 942 | |c BK | ||
| 945 | |d 19970509 00:00:00 |a cmena | ||
| 260 | |a Buenos Aires |b Compañía Argentina de Editores |c 1941 | ||
| 650 | 0 | |a Contratos |9 255153 | |
| 650 | 0 | |a Derecho privado |9 258243 | |
| 650 | 0 | |a Derecho civil |9 255013 | |
| 650 | 0 | |a Derecho comparado |9 255664 | |
| 650 | 0 | |a Código civil |9 256135 | |
| 650 | 7 | |a GASTOS PUBLICOS |2 CL-VaPUC |9 314611 | |
| 650 | 0 | |a Deudor y acreedor |9 256643 | |
| 650 | 0 | |a Bienes |9 255749 | |
| 650 | 0 | |a Obligaciones |9 255578 | |
| 651 | 0 | |a Argentina |9 254888 | |
| 583 | |a last modification |c 19970509 00:00:00 |k Rodrigo Vera | ||
| 999 | |c 259213 |d 259211 | ||
| 952 | |0 0 |1 0 |4 0 |6 346_020000000000000_COR_1941 |7 0 |8 A |9 283839 |a BIBDER |b BIBDER |d 2019-11-19 |i 1844105 |o 346.02 COR 1941 |p 1844105 |r 2023-01-25 |w 2019-11-19 |y BK |k DER | ||